Statystyki dla Najmniej demokratyczne państwa świata

Kliknij tutaj aby rozwiązać quiz!

Ogólne statystyki

  • Ten quiz został rozwiązany 86 razy
  • Średni wynik to 7 z 15

Statystyki odpowiedzi

Wskaźnik demokracjiPaństwo% Poprawnych
1,08Korea Północna
97%
1,13Demokratyczna Republika Konga
65%
1,43Syria
59%
1,95Jemen
49%
2,15Erytrea
48%
1,95Libia
44%
2,08Arabia Saudyjska
43%
1,94Tadżykistan
42%
1,55Czad
41%
1,72Turkmenistan
38%
2,12Uzbekistan
38%
1,77Laos
35%
1,32Republika Środkowoafrykańska
34%
2,14Burundi
23%
1,92Gwinea Równikowa
19%

Rozkład punktacji

Percentyl według liczby udzielonych odpowiedzi

Procent ludzi z każdym wynikiem

Twoja historia wyników

Nie rozwiązałeś tego quizu